000 02536nam0a2200397 4500
001 RU\NLR\BIBL_A\016290961
005 20230511164704.0
010 _a978-5-9734-0399-7
_9100
021 _aRU
_bКН-П-23-000784
_9КН-П-23-0065
035 _a(NLR Aleph) 016290961
035 _a(RuMoRGB)011525991
090 _a12944067
_c12944067
100 _a20230216d2022 k y0rusy50 ca
101 0 _arus
_aeng
102 _aRU
105 _aa|||z|||1||z|
181 1 _ai3
_baxxe
182 1 _an
200 1 _aАктуальные проблемы современной гуманитарной науки
_eматериалы IX национальной научно-практической конференции, [г. Брянск] 20 апреля 2022 года
_fМинобрнауки России, Федеральное государственное бюджетное образовательное учреждение высшего образования "Брянский государственный университет имени академика И. Г. Петровского" (БГУ)
_gредакционный совет: к. филол. н., доцент Е. В. Левичева, к. э. н., доцент Е. Н. Якубенко
203 _aТекст
_bвизуальный
_cнепосредственный
210 _aБрянск
_cРИСО БГУ
_d2022
215 _a154 с.
_cил.
_d20
300 _aНа обл. подзаг.: IX национальная научно-практическая конференция, г. Брянск, 2022 г.
300 _aЧасть текста англ.
320 _aБиблиогр. в конце ст.
606 1 _aГуманитарные науки
_jСъезды, совещания и т.п.
_92175177
_3RU\NLR\AUTH\661308230
686 1 _aЧ21я431
686 1 _aС.я431
702 1 _aЛевичева
_bЕ. В.
_gЕлена Васильевна
_4340
711 1 2 _a"Актуальные проблемы современной гуманитарной науки", национальная научно-практическая конференция
_d9
_eБрянск
_f2022
_9836344
_3RU\NLR\AUTH\880585259
712 0 2 _4475
_aБрянский государственный университет им. И. Г. Петровского
_9577675
_3RU\NLR\AUTH\8810039369
942 _cBOOK
980 _aNB